ՀՀ Գիտությունների ազգային ակադեմիայի հիմնարար գիտական գրադարան  =   Fundamental Scientific Library of NAS RA

Будапешт, площадь Москвы / (Record no. 148159)

MARC details
000 -LEADER
fixed length control field 00884nam a2200205 u 4500
001 - CONTROL NUMBER
control field 000390243
003 - CONTROL NUMBER IDENTIFIER
control field AM-YeHGA
005 - DATE AND TIME OF LATEST TRANSACTION
control field 20250617132252.0
008 - FIXED-LENGTH DATA ELEMENTS--GENERAL INFORMATION
fixed length control field 041201s1985 ||||||||||||||||||||rus d
040 ## - CATALOGING SOURCE
Original cataloging agency AM-YeHGA
041 0# - LANGUAGE CODE
Language code of text/sound track or separate title rus
090 ## - LOCALLY ASSIGNED LC-TYPE CALL NUMBER (OCLC); LOCAL CALL NUMBER (RLIN)
-- 149546
100 1# - MAIN ENTRY--PERSONAL NAME
Personal name Герасимов, Владимир Михайлович.
245 10 - TITLE STATEMENT
Title Будапешт, площадь Москвы /
Statement of responsibility, etc. Владимир Герасимов, Галина Герасимова ; Худ. В.И. Харламов.
260 ## - PUBLICATION, DISTRIBUTION, ETC.
Place of publication, distribution, etc. Москва :
Name of publisher, distributor, etc. Советская Россия,
Date of publication, distribution, etc. 1985.
300 ## - PHYSICAL DESCRIPTION
Extent 205 с.
650 14 - SUBJECT ADDED ENTRY--TOPICAL TERM
Topical term or geographic name entry element Политическая, экономическая и культурная жизнь отдельных стран и местностей
700 1# - ADDED ENTRY--PERSONAL NAME
Personal name Герасимова, Галина Александровна.
700 1# - ADDED ENTRY--PERSONAL NAME
Personal name Харламов, В.И.
Relator term худ.
Relationship art
Holdings
Withdrawn status Lost status Damaged status Not for loan Collection Home library Current library Date acquired Total checkouts Full call number Barcode Date last seen Price effective from Koha item type Public note
        General Fundamental Scientific Library Fundamental Scientific Library 28/12/2016   PII/531951 FL0168561 28/12/2016 28/12/2016 Գրքեր / Books 30 Days Loan


ՀՀ ԳԱԱ հիմնարար գիտական գրադարան
ՀՀ,Երևան 0019
Մարշալ Բաղրամյան 24/6
հեռախոս:(374-10) 52-47-50
Հետադարձ կապ

All site content, except where otherwise noted, is licensed under a
Creative Commons License